Handbook of ceramics, glasses, and diamonds /
Enregistré dans:
| Autres auteurs: | |
|---|---|
| Format: | Sách giấy |
| Publié: |
New York :
McGraw-Hill,
2001.
|
| Sujets: | |
| Accès en ligne: | Table of contents Publisher description |
| Tags: |
Ajouter un tag
Pas de tags, Soyez le premier à ajouter un tag!
|
| Thư viện lưu trữ: | Thư viện Trường Đại học Đà Lạt |
|---|
| LEADER | 01161nam a2200361 4500 | ||
|---|---|---|---|
| 001 | DLU030023064 | ||
| 005 | ##20020907181520.0 | ||
| 008 | ##010119s2001 nyua f 001 0 eng | ||
| 010 | # | # | |a 2001018729 |
| 020 | # | # | |a 007026712X |
| 040 | # | # | |a DLC |c DLC |d DLC |
| 042 | # | # | |a pcc |
| 050 | # | # | |a TA455.C43 |b H34 2001 |
| 082 | # | # | |a 620.14 |b Han |
| 245 | # | # | |a Handbook of ceramics, glasses, and diamonds / |c Charles A. Harper, editor-in-chief. |
| 260 | # | # | |a New York : |b McGraw-Hill, |c 2001. |
| 300 | # | # | |a 1 v. (various paging) : |b ill. ; |c 24 cm. |
| 500 | # | # | |a Includes index. |
| 650 | # | # | |a Ceramic materials |v Handbooks, manuals, etc. |
| 650 | # | # | |a Diamonds, Industrial |v Handbooks, manuals, etc. |
| 650 | # | # | |a Glass |v Handbooks, manuals, etc. |
| 700 | # | # | |a Harper, Charles A. |
| 856 | # | # | |3 Table of contents |u http://www.loc.gov/catdir/toc/mh021/2001018729.html |
| 856 | # | # | |3 Publisher description |u http://www.loc.gov/catdir/description/mh021/2001018729.html |
| 992 | # | # | |a 65 |
| 994 | # | # | |a DLU |
| 900 | # | # | |a True |
| 911 | # | # | |a Phan Ngọc Đông |
| 925 | # | # | |a G |
| 926 | # | # | |a A |
| 927 | # | # | |a SH |
| 980 | # | # | |a Thư viện Trường Đại học Đà Lạt |


